| 000 | 01300cab a2200241 4500 | ||
|---|---|---|---|
| 001 | ##L134356 | ||
| 008 | 060731n2006 000 0 eng u | ||
| 035 | _a(Sirsi) u134356 | ||
| 041 | 0 | _aeng | |
| 100 | 1 | _aOwen, Alun Morgan | |
| 245 | 0 | 0 | _aAONB management plans and development control |
| 260 | _c2006 | ||
| 490 |
_aTown & Country Planning _v75 (7/8) July/August 2006, 212-216(5) |
||
| 520 | _aExplores the contribution and importance of management plans in development control decisions within and adjoining the 40 designated Areas of Outstanding Natural Beauty (AONBs) in England and Wales. Looks at the historical context of AONBs, the evolution of management plans, landmarks in AONB policy and the importance of the Planning and Compulsory Purchase Act 2004. Examines the findings of a 2005 survey of every AONB in England and Wales. Makes recommendations in the areas of AONBs and development control and training and awareness raising. | ||
| 590 | _aIKA010806 | ||
| 650 | 2 | 4 | _aPLANNING AND COMPULSORY PURCHASE ACT 2004 |
| 650 | 2 | 4 | _aENVIRONMENT ACT 1995 |
| 650 | 2 | 4 | _aPLANNING POLICY GUIDANCE NOTE 7 |
| 651 | 4 |
_aEngland and Wales _y1543- |
|
| 690 | _aENVIRONMENTAL AND LAND CONSULTANCY-PLANNING AND DEVELOPMENT-DEVELOPMENT CONTROL | ||
| 700 | 1 | _aAlexander, David | |
| 942 | _n0 | ||
| 999 |
_c77474 _d77474 |
||